000 01379cam a22003494a 4500
001 13567069
003 ARRUPE
005 20220421085226.0
008 040422s2005 enka b 001 0 eng
010 _a 2004046851
020 _a0714650315 (hbk.)
020 _a0714680869 (pbk.)
035 _a(OCoLC)ocm55220305
040 _aDLC
_cDLC
_dBWK
_dOCL
_dDLC
042 _apcc
043 _as-bl---
050 0 0 _aGV1796.C145
_bA77 2005
082 0 0 _a793.3/1981
_222
100 1 _aAssunção, Matthias Röhrig,
_d1955-
_951351
245 1 0 _aCapoeira :
_bthe history of an Afro-Brazilian martial art /
_cMatthias Röhrig Assunção.
260 _aLondon ;
_aNew York :
_bRoutledge,
_c2005.
300 _axiii, 267 p. :
_bill. ;
_c25 cm.
440 0 _aSport in the global society
_951352
504 _aIncludes bibliographical references (p. [247]-258) and index.
650 0 _aCapoeira (Dance)
_xHistory.
_951353
650 0 _aCapoeira (Dance)
_xSocial aspects
_zBrazil.
_951354
856 4 1 _3Table of contents only
_uhttp://www.loc.gov/catdir/toc/fy0613/2004046851.html
856 4 2 _3Publisher description
_uhttp://www.loc.gov/catdir/enhancements/fy0702/2004046851-d.html
906 _a7
_bcbc
_corignew
_d1
_eocip
_f20
_gy-gencatlg
942 _2lcc
_cMONOGRAPH
999 _c131314
_d131314